Green roofs cope best with climate change (Record no. 117277)

MARC details
000 -LEADER
fixed length control field 01222cam a2200229 4500
001 - CONTROL NUMBER
control field WB4016-02
008 - FIXED-LENGTH DATA ELEMENTS--GENERAL INFORMATION
fixed length control field 040429n2004 000 0 eng u
035 ## - SYSTEM CONTROL NUMBER
System control number (Sirsi) u126070
245 ## - TITLE STATEMENT
Title Green roofs cope best with climate change
260 ## - PUBLICATION, DISTRIBUTION, ETC.
Date of publication, distribution, etc. 2004
490 ## - SERIES STATEMENT
Series statement BRE News Release
Volume/sequential designation 21 April 2004 (1)
520 ## - SUMMARY, ETC.
Summary, etc. BRE experts have concluded that green roofs are best able to cope with the expected impacts of climate change. Green roofs are vegetated roof covers using plants and growing media rather than bare membrane, gravel ballast, shingles or tiles. Initial construction costs are higher than other roof design options and government incentives may be needed to be kick-start the use of green roofs in UK urban areas. The new BRE Digest 486 "Reducing the effects of climate change by roof design" (ISBN 1860816924) provides further information. http://www.rics.org/ricscms/bin/show?class=PressRe lease&template=/includes/showpr.html&id=1164
590 ## - LOCAL NOTE (RLIN)
Local note WB
590 ## - LOCAL NOTE (RLIN)
Local note WB
650 ## - SUBJECT ADDED ENTRY--TOPICAL TERM
Topical term or geographic name entry element URBAN AREAS
650 ## - SUBJECT ADDED ENTRY--TOPICAL TERM
Topical term or geographic name entry element ROOF STRUCTURES
650 ## - SUBJECT ADDED ENTRY--TOPICAL TERM
Topical term or geographic name entry element GREEN ROOFS
650 ## - SUBJECT ADDED ENTRY--TOPICAL TERM
Topical term or geographic name entry element CLIMATE CHANGE
650 ## - SUBJECT ADDED ENTRY--TOPICAL TERM
Topical term or geographic name entry element VEGETATED ROOF COVERS
690 ## - LOCAL SUBJECT ADDED ENTRY--TOPICAL TERM (OCLC, RLIN)
Topical term or geographic name as entry element BUILDING AND CONSTRUCTION-MATERIALS AND PRODUCTS
942 ## - ADDED ENTRY ELEMENTS (KOHA)
Suppress in OPAC 0
Holdings
Withdrawn status Lost status Source of classification or shelving scheme Damaged status Not for loan Home library Current library Shelving location Date acquired Total Checkouts Full call number Barcode Date last seen Copy number Price effective from Koha item type
    Dewey Decimal Classification     London London News article 29/04/2004   WB4016-02 126070-1001 06/08/2019 1 06/08/2019 News article